Codes and modular forms (Record no. 748674)

MARC details
000 -LEADER
fixed length control field 00361nam a2200145 4500
020 ## - INTERNATIONAL STANDARD BOOK NUMBER
ISBN 9798886131451
100 ## - MAIN ENTRY--AUTHOR NAME
Personal name Shi, Minjia
245 ## - TITLE STATEMENT
Title Codes and modular forms
Sub Title a dictionary
260 ## - PUBLICATION, DISTRIBUTION, ETC. (IMPRINT)
Place of publication Singapore
Name of publisher World scientific
Year of publication 2025
300 ## - PHYSICAL DESCRIPTION
Number of Pages xiv+217
700 ## - ADDED ENTRY--PERSONAL NAME
Personal name Choie, Youngju
700 ## - ADDED ENTRY--PERSONAL NAME
Personal name Sharma, Anuradha
700 ## - ADDED ENTRY--PERSONAL NAME
Personal name Sole, Patrick
942 ## - ADDED ENTRY ELEMENTS (KOHA)
Source of classification or shelving scheme Dewey Decimal Classification
Koha item type Book
Holdings
Withdrawn status Lost status Source of classification or shelving scheme Damaged status Not for loan Collection code Home Library Current Location Shelving location Date acquired Source of acquisition Accession Number Price effective from Koha item type
    Dewey Decimal Classification     Gift or donation Dept. of Mathematics Dept. of Mathematics Processing Center 09/05/2025 (Gift from NBHM) MATG185 09/05/2025 Book